000 01382nam a2200361 a 4500
001 000109214
003 CHAP
005 20220329144042.0
008 140409s2013 mx a sm |||||||spa d
010 _a105676
011 _a106648
040 _cCHAP
090 _aTesis
100 1 _aTerrazas González, Héctor Alonso
_9126372
245 1 0 _aEstiércol solarizado y fertilización foliar en la producción de maíz forrajero variedad San Lorenzo
_h[En línea]
_cpor Héctor Alonso Terrazas González.
260 _aChapingo, Méx. :
_bEl autor.,
_c2013.
500 _aPara ver el contenido del material haga clic en la liga
502 _aTesis (Ing. Agr. Esp. en Fitotecnia) -- UACH. Departamento de Fitotecnia
590 _aBATCH-UPD
_b05
_c20141002
_lUCH01
_h0900
590 _aE5652GLJ
_b05
_c20140409
_lUCH01
_h1448
590 _aE5652GLJ
_b05
_c20140409
_lUCH01
_h1449
590 _aE5652GLJ
_b05
_c20140410
_lUCH01
_h0901
590 _aE5652GLJ
_b05
_c20141029
_lUCH01
_h1337
650 1 4 _aAbonos orgánicos.
_9273
650 1 4 _aAgricultura orgánica.
_92005
650 1 4 _aEstiércol como fertilizante.
_938317
650 1 4 _aMaíz como forraje
_xFertilizantes efecto en.
_9126247
700 1 _aTerrazas González, Francisco Javier
_9126373
856 _aFinding aid
_uhttp://10.13.5.2/tesis/sist109214.pdf
_zTeclea aquí
901 _aBK
942 _cTESIS
942 _n0
999 _c105676
_d105676